000 00304 a2200145 4500
001 167904
020 _a
040 _cMagnum
100 _aGanong, William F.
240 1 0 _aFisiologia medica
_lpor
245 1 0 _aFisiologia medica
362 0 _a1899
697 _aCIENCIAS MEDICAS SAUDE
942 _cBK
999 _c167904
_d167904